000 00475nam a2200181Ia 4500
001 22529
005 20260414150837.0
008 260414t2008||||xx |||||||||||||| ||spa||
041 _aESP
082 _a621.382
_bE66
100 _aEntrambasaguas Muñoz, José Tomás
_eAUT
245 0 _aIngeniería de desarrollo de sistemas de telecomunicación
_b
260 _c2008
300 _a308 páginas :
_c24 cm.
650 _aTCA
654 _aCET
942 _cLIB
_dJUS
_fJUS
_2ddc
_n
999 _c22529
_d22529